Statistics for Hardest NBA quiz ever

Click here to take the quiz!

General Stats

  • This quiz has been taken 45 times
  • The average score is 4 of 19

Answer Stats

HintAnswer% Correct
What NBA player would trash talk in other languages he knewKobe Bryant
77%
The Thunder have the youngest average age ever, what is that age23
63%
What year did the NBA and ABA merge together1976
57%
When was the WNBA founded1996
43%
The Kings are crowned as the oldest team ever, what year were they founded in1923
26%
The Pistons and Nuggets had the highest combined scoring game ever, what was the combined score370
23%
Highest plus minus of all timeTim Duncan
17%
Who was the youngest NBA player ever at 18 years and 6 daysAndrew Bynum
14%
What NBA player loves buying lego sets with his pay checksMyles Turner
14%
Who has the smallest feet ever in NBA history with a shoe size of 9.5Earl Boykins
11%
What NBA player is an avid chess playerJaylen Brown
9%
and what was the score68-66
6%
Who was the oldest NBA player ever at 45 years and 363 daysNat Hickey
6%
First player to ever score in a gameOscar Benjamin Schectman
6%
Who won the first NBA game everThe Toronto Huskies
6%
The Lakers and Pistons had the lowest combined scoring game ever, what was the combined score37 points
3%
First to make an NBA three pointerChris Ford
3%
Who is the GOATIke Diogu
3%
What was their original nameRochester Seagrams
3%

Score Distribution

Percentile by Number Answered

Percent of People with Each Score

Your Score History

You have not taken this quiz